| 000 | 00634nam a22002057a 4500 | ||
|---|---|---|---|
| 999 |
_c168645 _d168645 |
||
| 005 | 20191018124256.0 | ||
| 010 | _aENG-126697 | ||
| 020 |
_a9789389347104 _c350.00 |
||
| 035 | _aEN-110229 | ||
| 037 | _bDBAD/PUB | ||
| 082 | _a005.82 | ||
| 100 | _aPachghare, V.K. | ||
| 245 |
_aCryptography and information security / _cBy V.K. Pachghare |
||
| 250 | _a3rd ed. | ||
| 260 |
_aDelhi _bPHI Learning _c2019 |
||
| 270 |
_aRimjhim House,111, Patparganj Industrial Estate _bDelhi _e110092 |
||
| 300 |
_axix;500p. _c23cm(pbk) |
||
| 500 | _aIncludes bibliographical references and index | ||
| 942 |
_2ddc _cEN _h005.82 _mPAC |
||